Nennen Sie die 20 größten Fußball-Derbys - Weltweit - Statistiken

Allgemein
  • Dieses Quiz wurde 93 mal gespielt
    82 seit der letzten Aktualisierung
  • Das Durchschnittsergebnis liegt bei 3 aus 20
Antwortstatistiken
Hint Antwort % Korrekt
Celtic - Rangers
51%
Erstes Derby Barcelona - Real Madrid
48%
Boca Juniors - River Plate
36%
Manchester City - Manchester United
31%
Atlético Madrid - Real Madrid
23%
Everton - Liverpool
22%
Arsenal - Tottenham
18%
Fenerbahçe - Galatasaray
14%
AS Rom - Lazio Rom
13%
Bayern München - Borussia Dortmund
8%
Manchester United - Liverpool
6%
Partizan - Roter Stern
6%
Benfica - Porto
5%
Ajax - Feyenoord
4%
Mailand - Inter Mailand
3%
Corinthians - Palmeiras
1%
Marseille - PSG
1%
Anderlecht - Standard Lüttich
0%
Millwall - West Ham United
0%
Olympiakos - Panathinaikos
0%
Keine übereinstimmenden Quizze gefunden
Verteilung der Resultate
Anzahl Personen mit jedem Resultat
Perzentil nach korrekt beantworteten Fragen
Ihre Resultats-Entwicklung
Sie haben dieses Quiz seit der letzten Aktualisierung nicht gespielt